000 00203nam a22000977a 4500
082 _a823
_bDUM/M
100 _aDUMAS,ALEXANDER
245 _aMONTE CRISTO
246 _aMONTE CRISTO
_bMONTE CRISTO
942 _cBK
999 _c8235
_d8235